Prasa krajów socjalistycznych o Orędziu biskupów polskich do biskupów niemieckich i obchodach Millennium

Titel: Prasa krajów socjalistycznych o Orędziu biskupów polskich do biskupów niemieckich i obchodach Millennium
Verfasser:
In: Millenium polskie, (2002), Seite 150-166
alle Artikel anzeigen
Veröffentlicht: 2002
Format: Aufsatz
Sprache: Polnisch
Kein Bild verfügbar
X
alg: 39362152
001A    $01999:12-11-16 
001B    $01999:25-05-21 $t21:45:22.000 
001D    $01999:12-11-16 
001U    $0utf8 
001X    $00 
002@    $0Aox 
003@    $0393621529 
007A    $0393621529 $aHEB 
007T    $0Herdk25583 
010@    $apol 
011@    $a2002 
021A    $aPrasa krajów socjalistycznych o Orędziu biskupów polskich do biskupów niemieckich i obchodach Millennium 
028A    $aChmiel $dAleksandra 
031A    $h150-166 $j2002 
039B    $aIn $8--Aax--. Millenium polskie. - Warszawa : Pax, 2002. - 185, nlb. 3 $x200200000000000850 $9395576865 
045F    $a020.9438 $eDDC23BSB 
045F/01 $a020 
045F/03 $g438 

lok: 39362152 78

exp: 39362152 78 1 #EPN
201B/01 $018-11-16 $t09:20:21.000 
201U/01 $0utf8 
203@/01 $0789732017 
208@/01 $a12-11-16 $be 
209A/01 $a/ $f000 $x00 
220C/01 $aTitelaufnehmer: pbb 
220C/01 $aHerkunft: IH PAN/PBB Kraków 
244Z/01 $2Trx $#Poola $#Lenkija $#Polija $#Polen Land $#Poland $#Lengyelország $#Poľsko $#Polsko $8--Trx--Polska$gkraj $x01 $9391345966 
244Z/01 $aGeschichte 1966 $x02 
244Z/01 $2Trx $#piiskopid, rooma-katolikud $#vyskupai, Romos katalikų $#Catholic bishops $#püspökök, római-katolikus $#biskupi rzymskokatoliccy $#biskupi rímsko-katolícki $#biskupové římsko-katoličtí $#Weihbischöfe $#bishops, auxiliary $#biskupi pomocniczy $8--Trx--Bischöfe, römisch-katholische $x03 $9391381849 
244Z/01 $2Trx $#ristiusustamine $#christianizacija $#christian missons $#keresztényesítés $#chrystianizacja $#christianizácia $#christianizace $8--Trx--Christianisierung $x04 $9391365525 
244Z/01 $2Trx $#aastapäevad ja puhkepäevad $#šventės ir atmintinos dienos $#national holidays $#emlék- és ünnepnapok $#jubileusze i rocznice $#výročia a sviatky $#výročí a svátky $#Jubiläen $#Feiertage $#rocznice $#jubileá $#jubilea $8--Trx--Gedenk- und Feiertage $x05 $9391383027 
244Z/01 $2Trx $#suhted, Poola-Saksa $#santykiai, lenkų ir vokiečių $#relations, German-Polish $#kapcsolatok, lengyel-német $#stosunki niemiecko-polskie $#vzťahy nemecko-poľské $#vztahy německo-polské $8--Trx--Beziehungen, deutsch-polnische $x06 $9391368397 
244Z/01 $2Trx $8--Trx--Einzelbeiträge $x07 $9391384570 
245Z/01 $a11.06 $x01 
247C/01 $82080>Marburg/Lahn, Herder-Institut, Forschungsbibliothek, Bibliographieportal $9336309341
LEADER 00000caa a22000002c 4500
001 393621529
003 DE-603
005 20210525214522.0
007 tu
008 161112s2002 xx |||| | u00||u|pol c
035 |a (DE-599)HEB393621529 
040 |a DE-603  |b ger  |c DE-603  |d DE-603 
041 |a pol 
082 0 4 |8 1\u  |a 020.9438  |q DE-101  |2 23/BSB 
085 |8 1\u  |b 020 
085 |8 1\u  |z 2  |s 438 
100 1 |a Chmiel, Aleksandra 
245 0 0 |a Prasa krajów socjalistycznych o Orędziu biskupów polskich do biskupów niemieckich i obchodach Millennium 
264 0 |c 2002 
773 0 8 |i In  |t Millenium polskie  |d Warszawa : Pax, 2002  |h 185, nlb. 3, 8°  |g (2002), Seite 150-166  |w (DE-603)395576865 
924 0 |9 2080  |a (DE-603)789732017  |b DE-2080  |c HES  |d d  |g /